Responses for show #4030 - Friday, February 22, 2002

(Sarah: Jeopardy! will get your mind and your body in shape--coming up next.)

Contestants

[<< previous game]

Dan Cherkis, a software developer from Richmond, Virginia

Tana Lee, a sales assistant from Washington, D.C.

Roger Christensen, a registered nurse and pre-med student from Los Angeles, California (whose 1-day cash winnings total $10,300)

[next game >>]

Jeopardy! Round responses

TIME THE FIRST ISSUE
A CATEGORY ABOUT NOTHING
JUST COS
MUSIC STYLES
FITNESS
FIRST LADIES' RHYME TIME
    $200 15
(Dan: Who is Wilson?)

Harding

RogerDan
    $200 1
lost (gained)

Dan
    $200 25
(Alex: Minute to go.)

Jell-O

Roger
    $200 21
(Tana: What are the '70s?)

'80s

tanaDan
    $200 5
push-ups

Dan
    $200 6
Dolley's trolleys

Dan
    $400 8
Chaplin

Roger
    $400 2
Schultz

Dan
    $400 26
Fat Albert

tana
    $400 22
big band

tana
    $400 17
aerobic

Roger
    $400 7
Pat's flats

Roger
    $600 9
(Roger: What is fermentation?)
(Tana: What is pasteurization?)

aging

Rogertana
Triple Stumper
    $600 3
Dr. Dre

Roger
    $600 28
Cuba Gooding (Jr.)

Roger
    $600 23
rock and roll

Dan
    $600 18
cardiovascular

Roger
    $600 10
Mary's fairies

Roger
    $800 13
Ulysses

Roger
    $1,000 4
Much Ado About Nothing

Roger
    $800 29
[The end of the round signals.]

I Spy

tana
    $800 24
(Tana: What is bebop?)
(Dan: What is a capella?)

doo-wop

tanaDan
Triple Stumper
    $800 19
cross-training

Roger
    $800 11
Bess's guesses

Roger
    $1000 14
Light Brigade

Dan
    $1000 16
nothing to write home about

Triple Stumper
    $1000 27
(Tana: What is ska?)
(Dan: What is salsa?)
(Roger: What is bossa nova?)

calypso

RogertanaDan
Triple Stumper
    $1000 20
resistance

Roger
    $1000 12
Lou's clues

Roger

Scores at the first commercial break (after clue 14):

Roger tana Dan
$5,000 -$600 $2,000

Scores at the end of the Jeopardy! Round:

Roger tana Dan
$7,800 -$1,000 $800

Double Jeopardy! Round responses

UNREAL ESTATE
FILM DIRECTORS
U.S. CITY NICKNAMES
"SIT" DOWN
RELAX
PUT YOUR FLEET UP
    $400 5
Gone with the Wind

tana
    $400 15
Roman Polanski

Roger
    $400 2
Dallas

Dan
    $400 1
sit-in

Roger
    $400 9
[No mention is made by Dan or Alex to specify to nineteenth hole.]

19

Dan
    $400 24
airplanes

Roger
    $800 23
[ERRATUM: Dan's response was ruled correct, but the title of the work is The House of the Seven Gables.]

The House of Seven Gables

Dan
    $800 16
Stanley Kubrick

Dan
    $800 3
New Orleans

Roger
    $800 4
Sitting Bull

Roger
    $800 13
muscle

Roger
    $800 25
Colosseum

Dan
    $1200 20
Wales

Roger
    $1200 17
Demme

Roger
    $1200 10
(Dan: What is Las Vegas?)

Reno

RogerDan
    $1200 6
sitar

tana
    $4,000 14
Hot Springs

Roger
    $1200 26
Spanish Armada

Dan
    $1600 21
(Roger: What is Jane Eyre?)

Wuthering Heights

Rogertana
    $1600 18
MiloŇ° Forman

Roger
    $1600 11
Dayton

Triple Stumper
    $1600 7
Sitwell

Triple Stumper
    $1600 30
detente

tana
    $4,000 27
Trafalgar

Dan
    $2000 22
Ivanhoe

Triple Stumper
    $2000 19
Spike Lee

tana
    $2000 12
Gary

Dan
    $2000 8
Sitka

Triple Stumper
    $2000 29
(Roger: Who is Sartre?)

Nietzsche

Roger
Triple Stumper
    $2000 28
Jutland

Dan

Scores at the end of the Double Jeopardy! Round:

Roger tana Dan
$17,000 $5,800 $12,000

[wagering suggestions for these scores]

Final Jeopardy! Round responses

SPORTS TEAMS
(Alex: [Laughter as Tana's response is revealed] Please, no editorializing
when you come up with a correct response.)
tanaWhat are the Baltimore Ravens? (Yuck!)
$5,800
DanWhat are Baltimore Ravens?
$12,000
RogerWhat are the Baltimore Ravens?
$15,000
Baltimore Ravens

Final scores:

Roger tana Dan
$32,000 $11,600 $24,000
2-day champion: $42,300 3rd place: trip to Southern California with stay at Laguna Cliffs Marriott Resort 2nd place: trip by Delta Vacations to Palm Beach in Aruba with stay at Holiday Inn Sunspree

Game dynamics:

Coryat scores:

Roger tana Dan
$14,000 $5,800 $9,600
26 R
(including 2 DDs),
4 W
8 R,
4 W
16 R
(including 1 DD),
4 W

Combined Coryat: $29,400

The J! Archive is created by fans, for fans. The Jeopardy! game show and all elements thereof, including but not limited to copyright and trademark thereto, are the property of Jeopardy Productions, Inc. and are protected under law. This website is not affiliated with, sponsored by, or operated by Jeopardy Productions, Inc. Join the discussion at JBoard.tv.